000 01052nam a22003137a 4500
003 CHAP
005 20220329135916.0
008 971013s1991 r 00010 d
010 _a43971
011 _a44943
035 _a49082
040 _cCHAP
082 _a581.1662
_bP3
100 0 0 _aPalacios Chávez, Rodolfo.
_984808
245 _aFlora palinológica de la Reserva de la Biosfera de Sian Ka 'an, Quintana Roo, México
260 _aMéxico, D.F. :
_bCentro de Investigaciones de Quintana Roo,
_c1991
300 _a321 p.
_b: ilus.
590 _aBATCH-UPD
_b10
_c20130110
_lUCH01
_h1115
590 _aBATCH-UPD
_b10
_c20130410
_lUCH01
_h0706
590 _aBATCH-UPD
_b10
_c20130914
_lUCH01
_h0732
590 _aCONVERSION
_b10
_c20130109
_lUCH01
_h1324
650 1 4 _aBotánica
_xQuintana Roo.
_914611
650 1 4 _aFanerógamas.
_939416
650 1 4 _aPolen.
_990208
650 1 4 _aReserva de la Biósfera de Sian Ka'an, Q.R.
_996094
901 _aBK
942 _cLIBRO
949 _a581.1662 P3
_bBC
_cC
_d33724000495909
_eC
_h89289
_i49082
_si
_t175.90
999 _c43971
_d43971